01501nam a22001577a 4500003000900000005001700009008004100026040001300067100002400080245008700104250000600191260003500197300002000232490002400252520106700276IT-RoPau20220918175938.0130121b xxu||||| |||| 00| 0 eng d cIT-RoPau aGiaccardo , Timoteo aUn profeta obbedientebBeato Timoteo Giaccardo primo sacerdote paolino (1896-1948) aI aCinisello BalsamobE. P.c1989 a262 p.c21,5 cm aedizioni paolinevI a Indice Prefazione si S. E. mons. Giulio Nicolini Premessa 1. Le memorie del cuore 2. La veglia tra due secoli 3. Un'infanzia piena di sole 4. Il seminarista 5. Quel giorno indimenticabile 6. Intervallo grigio-verde 7. I <> 8. Primo sacerdote della Pia Società San Paolo 9. L'anno del consolidamento 10. La piccola città paolina 11. La fondazione paolina 12. La vigna di S. Paolo 13. Il secondo ministero 14. Costruttori di chiese 15. Gli anni di piombo 16. Come un buon soldato di Cristo 17. L'ultimo ministero 18. Nel cuore della Famiglia Paolina 19. Il transito 20. La luce sul monte APPENDICE Carta d'identità del beato Timoteo Giac- cardo Iter della Causa di beatificazione Decreto di ricoscimento dell'eroicità delle virtù Il miracolo ottenuto per intercessione del beato Giaccardo BIBLIOGRAFICA Scritti del beato Giaccardo Biografie e studi